From the gound up: building comprehensive HIV/AIDS Core programs in resource limited settings (Record no. 2954)
[ view plain ]
| 000 -LEADER | |
|---|---|
| fixed length control field | 00675nam a22002177a 4500 |
| 003 - CONTROL NUMBER IDENTIFIER | |
| control field | OSt |
| 005 - DATE AND TIME OF LATEST TRANSACTION | |
| control field | 20160203192652.0 |
| 008 - FIXED-LENGTH DATA ELEMENTS--GENERAL INFORMATION | |
| fixed length control field | 160203b xxu||||| |||| 00| 0 eng d |
| 020 ## - INTERNATIONAL STANDARD BOOK NUMBER | |
| International Standard Book Number | 9780981757704 |
| 040 ## - CATALOGING SOURCE | |
| Transcribing agency | DNLM |
| 082 ## - DEWEY DECIMAL CLASSIFICATION NUMBER | |
| Classification number | WB310 F926r 2009 |
| 100 ## - MAIN ENTRY--PERSONAL NAME | |
| Personal name | edited by Richard G. Marlink; Sara J. Teitelman |
| 9 (RLIN) | 6692 |
| 245 ## - TITLE STATEMENT | |
| Title | From the gound up: building comprehensive HIV/AIDS Core programs in resource limited settings |
| 250 ## - EDITION STATEMENT | |
| Remainder of edition statement | Vol.1 |
| 260 ## - PUBLICATION, DISTRIBUTION, ETC. (IMPRINT) | |
| Place of publication, distribution, etc. | Washington; |
| Name of publisher, distributor, etc. | Glaser Pediatric AIDS Foundation, 2009 |
| 300 ## - PHYSICAL DESCRIPTION | |
| Extent | xxix,425p; ill: 25cm |
| 504 ## - BIBLIOGRAPHY, ETC. NOTE | |
| Bibliography, etc | References included |
| 650 ## - SUBJECT ADDED ENTRY--TOPICAL TERM | |
| Topical term or geographic name as entry element | HIV/AIDS |
| 9 (RLIN) | 5887 |
| 650 ## - SUBJECT ADDED ENTRY--TOPICAL TERM | |
| Topical term or geographic name as entry element | Social support |
| 9 (RLIN) | 6693 |
| 942 ## - ADDED ENTRY ELEMENTS (KOHA) | |
| Source of classification or shelving scheme | Dewey Decimal Classification |
| Koha item type | Open Shelf |
| Withdrawn status | Lost status | Source of classification or shelving scheme | Damaged status | Not for loan | Home library | Current library | Date acquired | Source of acquisition | Inventory number | Total Checkouts | Full call number | Barcode | Date last seen | Koha item type |
|---|---|---|---|---|---|---|---|---|---|---|---|---|---|---|
| Other/Generic Classification Scheme | MUST Main Library | MUST Main Library | 03/02/2016 | 15/39609 | WB310 F926r 2009 | 2016-0067 | 03/02/2016 | Open Shelf | ||||||
| Other/Generic Classification Scheme | MUST Main Library | MUST Main Library | 03/02/2016 | 15/39608 | WB310 F926r 2009 | 2016-0068 | 03/02/2016 | Open Shelf | ||||||
| Other/Generic Classification Scheme | MUST Main Library | MUST Main Library | 03/02/2016 | 15/39607 | WB310 F926r 2009 | 2016-0069 | 03/02/2016 | Open Shelf | ||||||
| Other/Generic Classification Scheme | MUST Main Library | MUST Main Library | 03/02/2016 | 15/39606 | WB310 F926r 2009 | 2016-0070 | 03/02/2016 | Open Shelf | ||||||
| Other/Generic Classification Scheme | MUST Main Library | MUST Main Library | 03/02/2016 | 15/39624 | WB310 F926r 2009 | 2016-0071 | 03/02/2016 | Open Shelf | ||||||
| Other/Generic Classification Scheme | MUST Main Library | MUST Main Library | 03/02/2016 | 15/39623 | WB310 F926r 2009 | 2016-0072 | 03/02/2016 | Open Shelf | ||||||
| Other/Generic Classification Scheme | MUST Main Library | MUST Main Library | 03/02/2016 | 15/39622 | WB310 F926r 2009 | 2016-0073 | 03/02/2016 | Open Shelf | ||||||
| Other/Generic Classification Scheme | MUST Main Library | MUST Main Library | 08/02/2017 | 15/39618 | WB310 F926r 2009 | 2017-0124 | 08/02/2017 | Open Shelf | ||||||
| Other/Generic Classification Scheme | MUST Main Library | MUST Main Library | 08/02/2017 | 15/39616 | WB310 F926r 2009 | 2017-0125 | 08/02/2017 | Open Shelf | ||||||
| Other/Generic Classification Scheme | MUST Main Library | MUST Main Library | 08/02/2017 | 15/39619 | WB310 F926r 2009 | 2017-0126 | 08/02/2017 | Open Shelf | ||||||
| Other/Generic Classification Scheme | MUST Main Library | MUST Main Library | 08/02/2017 | 15/39617 | WB310 F926r 2009 | 2017-0127 | 08/02/2017 | Open Shelf | ||||||
| Other/Generic Classification Scheme | MUST Main Library | MUST Main Library | 08/02/2017 | 15/39620 | WB310 F926r 2009 | 2017-0128 | 08/02/2017 | Open Shelf | ||||||
| Other/Generic Classification Scheme | MUST Main Library | MUST Main Library | 08/02/2017 | 15/39615 | WB310 F926r 2009 | 2017-0129 | 08/02/2017 | Open Shelf | ||||||
| Other/Generic Classification Scheme | MUST Main Library | MUST Main Library | 08/02/2017 | 15/39621 | WB310 F926r 2009 | 2017-0130 | 08/02/2017 | Open Shelf | ||||||
| Other/Generic Classification Scheme | MUST Main Library | MUST Main Library | 08/02/2017 | 15/39614 | WB310 F926r 2009 | 2017-0131 | 08/02/2017 | Open Shelf |
